[Event "Verbandsliga Nordbaden 1920"]
[Site "Baden"]
[Date "2019.09.29"]
[Round "1.2"]
[White "Sulzbach, Sven"]
[Black "Schrepp, Martin"]
[Result "0-1"]
[WhiteElo "2195"]
[BlackElo "2234"]
[PlyCount "64"]
[EventDate "2019.09.29"]
[EventType "team-tourn"]
[EventRounds "9"]
[EventCountry "GER"]
[SourceTitle "EXT 2021"]
[Source "ChessBase"]
[SourceDate "2020.10.23"]
[SourceVersion "1"]
[SourceVersionDate "2020.10.23"]
[SourceQuality "1"]
[WhiteTeam "Lindenhof"]
[BlackTeam "Ladenburg"]
[WhiteTeamCountry "GER"]
[BlackTeamCountry "GER"]

1. d4 g6 2. Nf3 Bg7 3. c4 d6 4. Nc3 Nf6 5. e4 0-0 6. h3 e5 7. d5 a5 8. Be3 Na6 9. g4 Bd7 10. Be2 Qe7 11. Nd2 Rfc8 12. h4 c6 13. g5 Ne8 14. h5 Nec7 15. Na4 cxd5 16. exd5 Bxa4 17. Qxa4 b5 18. cxb5 Nb4 19. a3 Nbxd5 20. Qh4 Nxe3 21. fxe3 d5 22. hxg6 hxg6 23. Qh7+ Kf8 24. Rf1 Qxg5 25. b6 Rab8 26. bxc7 Rxb2 27. Qh3 Rxc7 28. Rf2 e4 29. Rb1 Rxb1+ 30. Nxb1 d4 31. Rf4 dxe3 32. Qxe3 Bh6 0-1

[Event "Verbandsliga Nordbaden 1718"]
[Site "Baden"]
[Date "2018.01.14"]
[Round "4.1"]
[White "Sulzbach, Sven"]
[Black "Muetsch, Annmarie"]
[Result "1/2-1/2"]
[WhiteElo "2195"]
[BlackElo "2230"]
[PlyCount "85"]
[EventDate "2017.10.08"]
[EventType "team-tourn"]
[EventRounds "9"]
[EventCountry "GER"]
[SourceTitle "EXT 2019"]
[Source "ChessBase"]
[SourceDate "2018.10.10"]
[SourceVersion "1"]
[SourceVersionDate "2018.10.10"]
[SourceQuality "1"]
[WhiteTeam "Lindenhof"]
[BlackTeam "Eppingen II"]
[WhiteTeamCountry "GER"]
[BlackTeamCountry "GER"]

1. Nf3 Nf6 2. c4 e6 3. g3 d5 4. Bg2 Be7 5. 0-0 0-0 6. b3 c5 7. Bb2 Nc6 8. cxd5 Nxd5 9. Na3 b6 10. Nc4 Bb7 11. Rc1 Rc8 12. a3 Ba8 13. Qc2 b5 14. Nce5 Na5 15. Bh3 Bf6 16. d3 Nb6 17. Bc3 b4 18. Ba1 Bxe5 19. Bxe5 Bxf3 20. exf3 Qd5 21. axb4 cxb4 22. Qb2 Rxc1 23. Rxc1 f6 24. Bc7 Nxb3 25. Rb1 Nd4 26. Qxb4 Nxf3+ 27. Kh1 Re8 28. Bxb6 axb6 29. Qxb6 Ne5+ 30. Kg1 Nf3+ 31. Kh1 Ng5+ 32. Bg2 Qxd3 33. h4 Nf7 34. Ra1 Ne5 35. Kg1 Qc3 36. Ra7 Qe1+ 37. Kh2 Ng4+ 38. Kh3 Nxf2+ 39. Kh2 Ng4+ 40. Kh3 Nf2+ 41. Kh2 Kh8 42. Re7 Rf8 43. Rxe6 1/2-1/2

[Event "Verbandsliga Nordbaden 1516"]
[Site "Baden"]
[Date "2015.12.13"]
[Round "4.1"]
[White "Sulzbach, Sven"]
[Black "Nekrasov, Mihail"]
[Result "1/2-1/2"]
[WhiteElo "2195"]
[BlackElo "2394"]
[PlyCount "35"]
[EventDate "2015.09.27"]
[EventType "team-tourn"]
[EventRounds "9"]
[EventCountry "GER"]
[SourceTitle "EXT 2022"]
[Source "ChessBase"]
[SourceDate "2021.10.06"]
[SourceVersion "1"]
[SourceVersionDate "2021.10.06"]
[SourceQuality "1"]
[WhiteTeam "Lindenhof"]
[BlackTeam "Hockenheim II"]
[WhiteTeamCountry "GER"]
[BlackTeamCountry "GER"]

1. d4 Nf6 2. c4 e6 3. Nf3 c5 4. g3 cxd4 5. Nxd4 Qc7 6. b3 Bb4+ 7. Bd2 Bc5 8. e3 Ne4 9. Bg2 Nxd2 10. Qxd2 a6 11. Nc3 Nc6 12. 0-0 0-0 13. Rfd1 Be7 14. Rac1 Ba3 15. Rb1 Be7 16. Rbc1 Ba3 17. Rb1 Be7 18. Rbc1 1/2-1/2

[Event "Verbandsliga Nord Baden 1314"]
[Site "Germany"]
[Date "2014.02.02"]
[Round "5.2"]
[White "Sulzbach, Sven"]
[Black "Mueller, Rudolf"]
[Result "1-0"]
[WhiteElo "2195"]
[BlackElo "2190"]
[PlyCount "55"]
[EventDate "2013.10.20"]
[EventType "team-tourn"]
[EventRounds "9"]
[EventCountry "GER"]
[SourceTitle "EXT 2015"]
[Source "ChessBase"]
[SourceDate "2014.11.20"]
[SourceVersion "1"]
[SourceVersionDate "2014.11.20"]
[SourceQuality "1"]
[WhiteTeam "Lindenhof"]
[BlackTeam "Karlsruhe II"]
[WhiteTeamCountry "GER"]
[BlackTeamCountry "GER"]

1. d4 b6 2. c4 e6 3. Nf3 Bb7 4. g3 Bb4+ 5. Nc3 Ne7 6. Bg2 0-0 7. 0-0 Bxc3 8. bxc3 f5 9. Ba3 Nbc6 10. Nd2 d6 11. c5 dxc5 12. dxc5 Nd5 13. Qc2 Qf6 14. cxb6 Nxc3 15. Nb3 f4 16. Bxf8 Rxf8 17. Rac1 Nd5 18. bxc7 Ne5 19. Nc5 f3 20. Nxb7 fxg2 21. Kxg2 Rc8 22. Qa4 Qg6 23. Nd6 Rxc7 24. Rxc7 Nxc7 25. Qxa7 Ne8 26. Qb8 Kf8 27. Nxe8 Qe4+ 28. f3 1-0

[Event "Verbandsliga Nord Baden 1314"]
[Site "Germany"]
[Date "2013.12.08"]
[Round "3.2"]
[White "Sulzbach, Sven"]
[Black "Haas, Michael"]
[Result "0-1"]
[WhiteElo "2195"]
[BlackElo "1931"]
[PlyCount "82"]
[EventDate "2013.10.20"]
[EventType "team-tourn"]
[EventRounds "9"]
[EventCountry "GER"]
[SourceTitle "EXT 2015"]
[Source "ChessBase"]
[SourceDate "2014.11.20"]
[SourceVersion "1"]
[SourceVersionDate "2014.11.20"]
[SourceQuality "1"]
[WhiteTeam "Lindenhof"]
[BlackTeam "Walldorf"]
[WhiteTeamCountry "GER"]
[BlackTeamCountry "GER"]

1. d4 Nf6 2. c4 e5 3. dxe5 Ng4 4. Nf3 Nc6 5. Bf4 Bb4+ 6. Nbd2 Qe7 7. e3 Ngxe5 8. Nxe5 Nxe5 9. Be2 0-0 10. 0-0 a5 11. Nb1 c6 12. a3 Bd6 13. Nc3 Bc7 14. Bg3 f5 15. Re1 d6 16. Bf1 Be6 17. b3 Qf6 18. Qd4 Rae8 19. f3 Nd7 20. b4 Qxd4 21. exd4 f4 22. Bf2 Nf6 23. Red1 d5 24. c5 Bf5 25. b5 g5 26. Ra2 Kf7 27. Be1 g4 28. b6 Bb8 29. Ne2 gxf3 30. gxf3 Rg8+ 31. Kf2 Ne4+ 32. fxe4 dxe4 33. Bxa5 e3+ 34. Ke1 f3 35. Nc3 Rg1 36. Rf2 exf2+ 37. Kxf2 Rg6 38. Bc4+ Kg7 39. Bd3 Bxd3 40. Rxd3 Bxh2 41. Rxf3 Bg1+ 0-1

[Event "Verbandsliga Nord Baden 1314"]
[Site "Germany"]
[Date "2013.10.20"]
[Round "1.2"]
[White "Sulzbach, Sven"]
[Black "Volodin, Ivan"]
[Result "0-1"]
[WhiteElo "2195"]
[BlackElo "2265"]
[PlyCount "68"]
[EventDate "2013.10.20"]
[EventType "team-tourn"]
[EventRounds "9"]
[EventCountry "GER"]
[SourceTitle "EXT 2015"]
[Source "ChessBase"]
[SourceDate "2014.11.20"]
[SourceVersion "1"]
[SourceVersionDate "2014.11.20"]
[SourceQuality "1"]
[WhiteTeam "Lindenhof"]
[BlackTeam "Heidelberg"]
[WhiteTeamCountry "GER"]
[BlackTeamCountry "GER"]

1. d4 Nf6 2. c4 c5 3. d5 b5 4. cxb5 a6 5. bxa6 g6 6. Nc3 Bxa6 7. Nf3 Bg7 8. g3 d6 9. Bg2 Nbd7 10. 0-0 Nb6 11. Re1 0-0 12. e4 Nfd7 13. Rb1 Nc4 14. Bf1 Qa5 15. Qc2 Rfb8 16. Bd2 Nce5 17. Nxe5 Nxe5 18. Kg2 Bxf1+ 19. Rxf1 Nc4 20. Rfc1 Nxd2 21. Qxd2 Rb4 22. Qc2 Rab8 23. a3 Rb3 24. Nd1 Bh6 25. f4 g5 26. Qe2 gxf4 27. gxf4 Kh8 28. Ne3 Bxf4 29. Nc4 Qb5 30. Rc2 Qd7 31. Rf1 Rg8+ 32. Kh1 Bxh2 33. Rc3 Rxc3 34. bxc3 Qh3 0-1

[Event "Verbandsliga Nord Baden 1213"]
[Site "Baden"]
[Date "2013.02.17"]
[Round "6.1"]
[White "Sulzbach, Sven"]
[Black "Noe, Christopher"]
[Result "0-1"]
[WhiteElo "2195"]
[BlackElo "2212"]
[PlyCount "132"]
[EventDate "2012.10.21"]
[EventType "team-tourn"]
[EventRounds "9"]
[EventCountry "GER"]
[SourceTitle "EXT 2014"]
[Source "ChessBase"]
[SourceDate "2013.11.20"]
[SourceVersion "1"]
[SourceVersionDate "2013.11.20"]
[SourceQuality "1"]
[WhiteTeam "Lindenhof"]
[BlackTeam "Eppingen II"]
[WhiteTeamCountry "GER"]
[BlackTeamCountry "GER"]

1. d4 Nf6 2. c4 g6 3. Nf3 Bg7 4. g3 0-0 5. Bg2 d6 6. 0-0 Nbd7 7. Nc3 e5 8. e4 exd4 9. Nxd4 c6 10. h3 Re8 11. Be3 a5 12. Re1 Nc5 13. Qc2 Qe7 14. Rad1 Bd7 15. Bf4 Rad8 16. Nb3 Be6 17. Nxa5 Nh5 18. Be3 Ra8 19. Nb3 Bxc4 20. Nxc5 dxc5 21. b3 Be6 22. Na4 c4 23. bxc4 Qb4 24. Nb6 Ra3 25. g4 Nf6 26. Rb1 Qa5 27. Re2 Rd8 28. Bd2 Qe5 29. Bb4 Ra6 30. Nd5 Nxg4 31. hxg4 Bxg4 32. Ne3 Bxe2 33. Qxe2 Rda8 34. a3 c5 35. Bd2 Rxa3 36. Rxb7 Ra1+ 37. Nf1 Qe6 38. Be3 Bd4 39. e5 Bxe3 40. Qxe3 Qxc4 41. Rc7 Qg4 42. Qg3 Qxg3 43. fxg3 Re8 44. Rxc5 Re1 45. Kf2 R1xe5 46. Rxe5 Rxe5 47. Ne3 Kg7 48. Bd5 Re7 49. Kf3 Ra7 50. Bc4 Ra3 51. Kf4 h5 52. Be2 Kh6 53. Nc4 Rc3 54. Ne5 f6 55. Nf3 Ra3 56. Bd1 Ra2 57. Bb3 Re2 58. Nd4 Rf2+ 59. Ke3 Rb2 60. Kf4 Rh2 61. Bd5 Rf2+ 62. Ke3 Rf1 63. Bg2 Re1+ 64. Kf4 Ra1 65. Bc6 Ra3 66. Bd7 Rd3 0-1

[Event "Verbandsliga Nord Baden 1112"]
[Site "Germany"]
[Date "2012.04.29"]
[Round "9.2"]
[White "Haas, Michael"]
[Black "Sulzbach, Sven"]
[Result "1/2-1/2"]
[WhiteElo "2191"]
[BlackElo "2195"]
[PlyCount "114"]
[EventDate "2011.10.09"]
[EventType "team-tourn"]
[EventRounds "9"]
[EventCountry "GER"]
[SourceTitle "EXT 2013"]
[Source "ChessBase"]
[SourceDate "2012.11.22"]
[SourceVersion "1"]
[SourceVersionDate "2012.11.22"]
[SourceQuality "1"]
[WhiteTeam "Walldorf"]
[BlackTeam "Lindenhof"]
[WhiteTeamCountry "GER"]
[BlackTeamCountry "GER"]

1. e4 c5 2. d4 cxd4 3. c3 Nf6 4. e5 Nd5 5. Nf3 d6 6. Bb5+ Bd7 7. Bxd7+ Qxd7 8. Qxd4 e6 9. Nbd2 Nc6 10. Qe4 dxe5 11. Nxe5 Nxe5 12. Qxe5 Nf6 13. Ne4 Be7 14. 0-0 Qc6 15. Nxf6+ Bxf6 16. Qe2 0-0 17. Be3 Rfd8 18. Rfd1 a5 19. Rxd8+ Rxd8 20. Rd1 Rd5 21. Qf3 Rxd1+ 22. Qxd1 h6 23. a4 b5 24. axb5 Qxb5 25. Qd2 a4 26. h3 Be5 27. g3 Qc4 28. Qd8+ Kh7 29. Qd7 Qb3 30. Qd3+ f5 31. Bc1 Kg6 32. Kg2 Bc7 33. Qd7 Be5 34. Qd3 Bf6 35. h4 h5 36. Qd7 Qd5+ 37. Qxd5 exd5 38. Kf3 d4 39. c4 Kf7 40. Ke2 Ke6 41. Kd3 Kd6 42. Bf4+ Kc5 43. Bb8 Kb6 44. Bd6 Kc6 45. Bb8 Kb7 46. Bd6 Kc6 47. Bb4 f4 48. Bd2 fxg3 49. fxg3 g6 50. Be1 Kc5 51. Bf2 Be5 52. Bg1 Bxg3 53. Bxd4+ Kd6 54. Bf6 Ke6 55. Bg5 Be5 56. Kc2 Kd6 57. b4 axb3+ 1/2-1/2

[Event "Verbandsliga Nord Baden 0910"]
[Site "Germany"]
[Date "2010.04.25"]
[Round "9.2"]
[White "Sulzbach, Sven"]
[Black "Wehner, Roland"]
[Result "1-0"]
[WhiteElo "2195"]
[BlackElo "2257"]
[PlyCount "115"]
[EventDate "2009.10.11"]
[EventType "team-tourn"]
[EventRounds "9"]
[EventCountry "GER"]
[SourceTitle "EXT 2011"]
[Source "ChessBase"]
[SourceDate "2010.11.26"]
[SourceVersion "1"]
[SourceVersionDate "2010.11.26"]
[SourceQuality "1"]
[WhiteTeam "Lindenhof"]
[BlackTeam "Ettlingen"]
[WhiteTeamCountry "GER"]
[BlackTeamCountry "GER"]

1. d4 d6 2. c4 e5 3. d5 f5 4. Nc3 Nf6 5. g3 g6 6. Bg2 Bg7 7. Nf3 0-0 8. 0-0 a5 9. Rb1 Na6 10. a3 Nc5 11. b4 axb4 12. axb4 Nce4 13. Nxe4 Nxe4 14. Qc2 Bd7 15. c5 Ba4 16. Qc4 b5 17. cxb6 cxb6 18. Be3 Rc8 19. Qa6 b5 20. Rbc1 Nc3 21. Kh1 Bf6 22. Ng1 Qe7 23. Bh6 Rfd8 24. e4 Ra8 25. Qb6 Na2 26. Rc7 Rd7 27. Rxd7 Qxd7 28. Bd2 Rc8 29. Ne2 Bc2 30. Ra1 Bb3 31. h4 Rc2 32. Nc1 Nxc1 33. Ra8+ Rc8 34. Ra7 Qd8 35. Qb7 Be7 36. Bg5 Rb8 37. Qxe7 Qxe7 38. Bxe7 Rb6 39. Rd7 Nd3 40. Bxd6 fxe4 41. Bc5 Ra6 42. Bxe4 Nxb4 43. d6 Bd5 44. Bxd5+ Nxd5 45. Rb7 Ra8 46. Kg2 Rd8 47. Kf3 Nf6 48. Rxb5 h5 49. Bb4 e4+ 50. Ke2 Rd7 51. Re5 Rb7 52. Bc3 Kf7 53. Rc5 Ne8 54. Be5 Ke6 55. Bf4 Rb2+ 56. Ke3 Nxd6 57. Bxd6 Kxd6 58. Rg5 1-0

[Event "Verbandsliga Nord Baden 0910"]
[Site "Germany"]
[Date "2010.01.31"]
[Round "6.2"]
[White "Sulzbach, Sven"]
[Black "Sieglen, Joachim"]
[Result "0-1"]
[WhiteElo "2195"]
[BlackElo "2338"]
[PlyCount "76"]
[EventDate "2009.10.11"]
[EventType "team-tourn"]
[EventRounds "9"]
[EventCountry "GER"]
[SourceTitle "EXT 2011"]
[Source "ChessBase"]
[SourceDate "2010.11.26"]
[SourceVersion "1"]
[SourceVersionDate "2010.11.26"]
[SourceQuality "1"]
[WhiteTeam "Lindenhof"]
[BlackTeam "Untergrombach II"]
[WhiteTeamCountry "GER"]
[BlackTeamCountry "GER"]

1. d4 Nf6 2. c4 c5 3. d5 b5 4. Nd2 bxc4 5. e4 c3 6. bxc3 g6 7. c4 d6 8. Bb2 Bg7 9. Bd3 0-0 10. Ngf3 e5 11. dxe6 Bxe6 12. Qc2 Nc6 13. a3 Bg4 14. 0-0 Nd7 15. Bxg7 Kxg7 16. Qc3+ Qf6 17. Qxf6+ Kxf6 18. Ne1 g5 19. f3 Be6 20. g3 Rg8 21. Rf2 Nde5 22. Bf1 Rab8 23. Ra2 Na5 24. Rc2 Nb3 25. Rc3 Nd4 26. Nd3 Ke7 27. Kg2 f6 28. Be2 h6 29. Bd1 Rb6 30. Kf1 Rgb8 31. Ke1 Nxd3+ 32. Rxd3 Rb2 33. f4 Ra2 34. Re3 Ra1 35. Rc3 Bg4 36. Nf3 Bxf3 37. Rfxf3 Nxf3+ 38. Rxf3 Rb2 0-1

[Event "Verbandsliga Nord Baden 0910"]
[Site "Germany"]
[Date "2010.01.10"]
[Round "5.2"]
[White "Vatter, Hans Joachim"]
[Black "Sulzbach, Sven"]
[Result "1-0"]
[WhiteElo "2325"]
[BlackElo "2195"]
[PlyCount "73"]
[EventDate "2009.10.11"]
[EventType "team-tourn"]
[EventRounds "9"]
[EventCountry "GER"]
[SourceTitle "EXT 2011"]
[Source "ChessBase"]
[SourceDate "2010.11.26"]
[SourceVersion "1"]
[SourceVersionDate "2010.11.26"]
[SourceQuality "1"]
[WhiteTeam "Heidelberg II"]
[BlackTeam "Lindenhof"]
[WhiteTeamCountry "GER"]
[BlackTeamCountry "GER"]

1. e4 c5 2. Nf3 d6 3. d4 cxd4 4. Qxd4 a6 5. c4 Nc6 6. Qe3 g6 7. Nc3 Bg7 8. h3 Nf6 9. Be2 0-0 10. 0-0 Rb8 11. Rd1 Nd7 12. Rb1 Re8 13. b4 Qb6 14. Qd2 Nde5 15. Nxe5 Nxe5 16. Nd5 Qa7 17. b5 b6 18. Bb2 a5 19. f4 Nd7 20. Bxg7 Kxg7 21. Bg4 Nc5 22. Bxc8 Rbxc8 23. e5 dxe5 24. fxe5 Qb8 25. Re1 Ne6 26. Re4 Rc5 27. Rf1 Qb7 28. Rh4 h5 29. Nf4 Qc8 30. Qf2 Rh8 31. Nd5 Nd8 32. Nxb6 Qc7 33. Nd5 Rxd5 34. cxd5 Qxe5 35. Qd4 Qxd4+ 36. Rxd4 Nb7 37. Rc1 1-0

[Event "Verbandsliga Nord Baden 0910"]
[Site "Germany"]
[Date "2009.10.25"]
[Round "2.1"]
[White "Farmani Anosheh, Armin"]
[Black "Sulzbach, Sven"]
[Result "0-1"]
[WhiteElo "2193"]
[BlackElo "2195"]
[PlyCount "136"]
[EventDate "2009.10.11"]
[EventType "team-tourn"]
[EventRounds "9"]
[EventCountry "GER"]
[SourceTitle "EXT 2011"]
[Source "ChessBase"]
[SourceDate "2010.11.26"]
[SourceVersion "1"]
[SourceVersionDate "2010.11.26"]
[SourceQuality "1"]
[WhiteTeam "Ladenburg"]
[BlackTeam "Lindenhof"]
[WhiteTeamCountry "GER"]
[BlackTeamCountry "GER"]

1. e4 c5 2. Nf3 d6 3. d4 cxd4 4. Nxd4 Nf6 5. Nc3 g6 6. Be3 Bg7 7. f3 Nc6 8. Qd2 Bd7 9. 0-0-0 h5 10. Kb1 Rc8 11. Nb3 a6 12. Na4 0-0 13. Nb6 Rb8 14. h4 Ne5 15. Be2 Bc6 16. Qb4 Qc7 17. Na5 Rfd8 18. Bd4 Bd7 19. Bxe5 dxe5 20. a4 Bf8 21. Nac4 e6 22. Qa5 Qc5 23. Qxc5 Bxc5 24. c3 Bf2 25. Rhf1 Bg3 26. Rd6 Kf8 27. Rfd1 Ke7 28. b3 Bc6 29. Rxd8 Rxd8 30. Rh1 Bf2 31. a5 Bb5 32. Kc2 Bxb6 33. axb6 Bxc4 34. bxc4 Nd7 35. Rb1 Rc8 36. g3 Rc6 37. f4 Rxb6 38. Rf1 f6 39. f5 Kf7 40. g4 hxg4 41. fxe6+ Rxe6 42. Bxg4 Rd6 43. h5 Nc5 44. hxg6+ Kxg6 45. Bf5+ Kg5 46. Rf3 a5 47. Rf1 a4 48. Kb2 Rb6+ 49. Ka2 Rb3 50. Rf3 Rb6 51. Ka3 Rb1 52. Bh7 Re1 53. Rg3+ Kf4 54. Rg7 Rb1 55. Rf7 Rb3+ 56. Ka2 Nxe4 57. Bxe4 Kxe4 58. Rxf6 Rxc3 59. Rb6 Rxc4 60. Rxb7 Kd3 61. Kb2 e4 62. Rd7+ Ke2 63. Re7 e3 64. Kb1 Kd3 65. Rd7+ Rd4 66. Rc7 e2 67. Ka2 e1Q 68. Rc1 Qd2+ 0-1

[Event "Verbandsliga Nord Baden 0708"]
[Site "Germany"]
[Date "2008.03.02"]
[Round "7.3"]
[White "Rosner, Jonas"]
[Black "Sulzbach, Sven"]
[Result "1-0"]
[WhiteElo "2106"]
[BlackElo "2195"]
[PlyCount "57"]
[EventDate "2007.10.14"]
[EventType "team"]
[EventRounds "9"]
[EventCountry "GER"]
[SourceTitle "EXT 2009"]
[Source "ChessBase"]
[SourceDate "2008.11.26"]
[SourceVersion "1"]
[SourceVersionDate "2008.11.26"]
[SourceQuality "1"]
[WhiteTeam "Ettlingen"]
[BlackTeam "Lindenhof"]
[WhiteTeamCountry "GER"]
[BlackTeamCountry "GER"]

1. e4 c5 2. Nf3 d6 3. d4 cxd4 4. Nxd4 Nf6 5. Nc3 g6 6. Be3 Bg7 7. f3 0-0 8. Qd2 Nc6 9. 0-0-0 Nxd4 10. Bxd4 Be6 11. Kb1 Qc7 12. h4 Rfc8 13. h5 Qa5 14. hxg6 hxg6 15. a3 Rab8 16. Bd3 Bc4 17. g4 Bxd3 18. cxd3 b5 19. Rh3 b4 20. Na2 Qa4 21. axb4 a5 22. Rdh1 axb4 23. Bxf6 Bxf6 24. Qh2 Bg5 25. e5 f6 26. e6 f5 27. f4 Qc2+ 28. Qxc2 Rxc2 29. fxg5 1-0

[Event "Verbandsliga Nord Baden 0708"]
[Site "Germany"]
[Date "2007.11.18"]
[Round "3.3"]
[White "Zilberman, Polina"]
[Black "Sulzbach, Sven"]
[Result "1/2-1/2"]
[WhiteElo "2211"]
[BlackElo "2195"]
[PlyCount "81"]
[EventDate "2007.10.14"]
[EventType "team"]
[EventRounds "9"]
[EventCountry "GER"]
[SourceTitle "EXT 2009"]
[Source "ChessBase"]
[SourceDate "2008.11.26"]
[SourceVersion "1"]
[SourceVersionDate "2008.11.26"]
[SourceQuality "1"]
[WhiteTeam "Walldorf"]
[BlackTeam "Lindenhof"]
[WhiteTeamCountry "GER"]
[BlackTeamCountry "GER"]

1. e4 c5 2. c3 Nf6 3. e5 Nd5 4. d4 cxd4 5. Nf3 d6 6. cxd4 Nc6 7. Bc4 Nb6 8. Bb5 e6 9. 0-0 Be7 10. Nc3 0-0 11. Qe2 Bd7 12. Bd3 Nb4 13. Bb1 N6d5 14. Ne4 dxe5 15. dxe5 Rc8 16. Bg5 h6 17. Bxe7 Qxe7 18. Nd6 Rb8 19. Qe4 g6 20. Qg4 Rfd8 21. h4 h5 22. Qg3 Be8 23. Be4 Nc6 24. Bxd5 exd5 25. Nf5 Qf8 26. Rfe1 Ne7 27. N5d4 Rbc8 28. Qg5 Rc7 29. Qf6 Qg7 30. Qf4 Rdc8 31. b3 a6 32. Ng5 Nc6 33. Ndf3 Nd8 34. Qd4 Bc6 35. Re3 Re7 36. Rae1 Rcc7 37. a4 Re8 38. Qb6 Rce7 39. Qd4 Rc7 40. Ra1 Rce7 41. Rae1 1/2-1/2